000 00607nam a2200205Ia 4500
003 IN-BaIIA
008 211028s9999 xx 000 0 eng d
020 _a978-3-527-40685-2
040 _cIIA Library
080 _a629.78
_bWAL
100 _aWalter, Ulrich
_931796
245 0 _aAstronautics
_cUlrich Walter
260 _aWeinheim
_bWiley-VCH Verlag Gmbh
_c2008
300 _axxiv, 484p.
650 _aAstronautic relationships
_931797
650 _aAstronautics
650 _aRocket flight
_931798
650 _aRocket fundamentals
_931799
942 _cBK
999 _c16967
_d16967